Countries With the Most Subway Locations - Statistics

General Stats
  • This quiz has been taken 65 times
  • The average score is 9 of 10
Answer Stats
Locations Country % Correct
2380 United Kingdom
100%
25785 United States
100%
598 China
96%
458 France
96%
3240 Canada
95%
1012 Mexico
93%
2126 Brazil
86%
616 Russia
77%
1400 Australia
75%
621 India
67%
No matching quizzes found
Score Distribution
Percent of People with Each Score
Percentile by Number Answered
Your Score History
You have not taken this quiz